| 000 | 00951nam a2200289 u 4500 | ||
|---|---|---|---|
| 005 | 20230516140453.0 | ||
| 008 | 200210s1968 ag r 000 0 spa d | ||
| 035 | _aUPN01000235439 | ||
| 040 |
_aMX-MxUPN _bspa _cMX-MxUPN |
||
| 041 | 1 |
_aspa _heng |
|
| 050 | 4 |
_aLB1027.5 _bM67 1968 |
|
| 100 | 1 |
_aMoser, Leslie E., _d1918- _948921 |
|
| 100 | 1 |
_aMoser, Ruth Small _948806 |
|
| 240 | 1 | 0 |
_aCounseling and guidance: an exploration. _lEspañol |
| 245 | 1 | 0 | _aAsesoramiento y orientación |
| 250 | _a1a edición | ||
| 260 |
_aBuenos Aires, Argentina : _bPaidós, _c1968. |
||
| 300 | _a529 páginas | ||
| 490 |
_a Biblioteca del educador contemporáneo. Serie mayor _vVolumen 5 |
||
| 500 | _aTraducción de: Counseling and guidance: an exploration. | ||
| 650 | 4 |
_94097 _aOrientación educativa |
|
| 700 | 1 |
_947202 _aLeal, Aníbal _etraducción |
|
| 902 | _bNoemiAcosta/080523 | ||
| 905 | _aLibro | ||
| 942 |
_n0 _2lcc _cLIBRO |
||
| 999 |
_c207534 _d207534 |
||